| 000 | 01479pam a2200349 a 4500 | ||
|---|---|---|---|
| 001 | 3887131 | ||
| 003 | Nust | ||
| 005 | 20220831092141.0 | ||
| 008 | 900130s1990 enk b 000 1 eng | ||
| 010 | _a 90006820 | ||
| 020 |
_a0140367616 (pbk.) : _cRs. 436 |
||
| 038 | _aArshad | ||
| 040 |
_aDLC _cDLC _dDLC |
||
| 042 | _alcac | ||
| 050 | 0 | 0 |
_aPR4057.B15 _bC6 1990 |
| 082 | 0 | 0 |
_a823 _bBAL |
| 100 | 1 |
_aBallantyne, R. M. _q(Robert Michael), _d1825-1894. _911663 |
|
| 245 | 1 | 4 |
_aThe coral island : _ba tale of the Pacific Ocean / _cR.M. Ballantyne ; edited with an introduction by J.S. Bratton. |
| 260 |
_aOxford [England] ; _aNew York : _bOxford University Press, _c1990. |
||
| 300 |
_axxxvi, 296 p. ; _c19 cm. |
||
| 440 | 4 |
_aThe World's classics _9350 |
|
| 504 | _aIncludes bibliographical references | ||
| 520 | _aIn this adult edition of the children's classic, three English boys, shipwrecked on a deserted island, create an idyllic society despite typhoons, wild hogs, and hostile visitors. Then evil pirates kidnap one of the youths whose adventures continue among the South Sea Islands. | ||
| 650 | 1 |
_aShipwrecks _xFiction. _911664 |
|
| 650 | 1 |
_aSurvival _xFiction. _911665 |
|
| 650 | 1 |
_aAdventure and adventurers _xFiction. _911666 |
|
| 650 | 1 |
_aIslands _xFiction. _911667 |
|
| 700 | 1 |
_aBratton, J. S. _q(Jacqueline S.) _911668 |
|
| 906 |
_a7 _bcbc _corignew _d1 _eocip _f19 _gy-gencatlg |
||
| 942 |
_2ddc _cBK |
||
| 999 |
_c173146 _d173146 |
||